000 00602nam a22001817a 4500
999 _c166461
_d166461
010 _aENG-126066
020 _a978-93-8472-660-7
_c1695.00
035 _aEN-109598
037 _bDBAD/PUB
082 _a658.3
100 _aNaik,Chitra Atmaram
245 _aHuman Resource Management :
_bManaging People at work (With Case Studies) /
_cby Chitra Atmaram Naik
260 _aNew Delhi
_bAne Books Pvt.Ltd.
_c2018
270 _a4821,Parwana Bhawan 1st Floor 24 Ansari Road, Darya Ganj
300 _a334p.
_b24cm(hb)
700 _aChitra Atmaram Naik
942 _2ddc
_cEN
_h658.3
_mNAI